<?xml version="1.0" encoding="UTF-8"?>
<record
    xmlns:xsi="http://www.w3.org/2001/XMLSchema-instance"
    xsi:schemaLocation="http://www.loc.gov/MARC21/slim http://www.loc.gov/standards/marcxml/schema/MARC21slim.xsd"
    xmlns="http://www.loc.gov/MARC21/slim">

  <leader>00540nam a2200181Ia 4500</leader>
  <controlfield tag="005">20260427115454.0</controlfield>
  <controlfield tag="008">231207s9999    xx            000 0 und d</controlfield>
  <datafield tag="020" ind1=" " ind2=" ">
    <subfield code="a">9698329005</subfield>
  </datafield>
  <datafield tag="040" ind1=" " ind2=" ">
    <subfield code="c">PK-LaNCA</subfield>
  </datafield>
  <datafield tag="082" ind1=" " ind2=" ">
    <subfield code="a">080</subfield>
    <subfield code="b">WOR</subfield>
  </datafield>
  <datafield tag="100" ind1=" " ind2=" ">
    <subfield code="a">Riaz Ahmad</subfield>
  </datafield>
  <datafield tag="245" ind1=" " ind2="4">
    <subfield code="a">The works of Quaid-i-Azam Muhammad Ali Jinnah 1893-1912</subfield>
  </datafield>
  <datafield tag="260" ind1=" " ind2=" ">
    <subfield code="b">Quaid-i-Azam University</subfield>
    <subfield code="a">Islamabad</subfield>
    <subfield code="c">1996</subfield>
  </datafield>
  <datafield tag="300" ind1=" " ind2=" ">
    <subfield code="a">li, 468p</subfield>
  </datafield>
  <datafield tag="546" ind1=" " ind2=" ">
    <subfield code="a">English</subfield>
  </datafield>
  <datafield tag="650" ind1=" " ind2=" ">
    <subfield code="a">Muhammad Ali Jinnah, 1875-1948--Public life--Documents collection. Pakistan--history.</subfield>
  </datafield>
  <datafield tag="942" ind1=" " ind2=" ">
    <subfield code="c">BK</subfield>
  </datafield>
  <datafield tag="952" ind1=" " ind2=" ">
    <subfield code="0">0</subfield>
    <subfield code="1">0</subfield>
    <subfield code="4">0</subfield>
    <subfield code="6">080_000000000000000_WOR_13727</subfield>
    <subfield code="7">0</subfield>
    <subfield code="9">10022</subfield>
    <subfield code="a">NCA</subfield>
    <subfield code="b">NCA</subfield>
    <subfield code="c">Library Basement </subfield>
    <subfield code="d">2023-12-08</subfield>
    <subfield code="l">0</subfield>
    <subfield code="o">080 WOR 13727</subfield>
    <subfield code="p">13727</subfield>
    <subfield code="r">2023-12-08 00:00:00</subfield>
    <subfield code="t">VOL 1</subfield>
    <subfield code="w">2023-12-08</subfield>
    <subfield code="y">BK</subfield>
  </datafield>
  <datafield tag="999" ind1=" " ind2=" ">
    <subfield code="c">10022</subfield>
    <subfield code="d">10022</subfield>
  </datafield>
</record>
